Statistics for Play-Doh Presidents

Click here to take the quiz!

General Stats

  • This quiz has been taken 63,285 times
  • The average score is 9 of 12

Answer Stats

Answer% Correct
Barack Obama
99%
Abraham Lincoln
98%
Donald Trump
97%
George Washington
90%
John F. Kennedy
84%
Theodore Roosevelt
79%
Richard Nixon
68%
John Adams
67%
Ronald Reagan
65%
Ulysses S. Grant
61%
William Taft
58%
Andrew Jackson
50%

Score Distribution

Percentile by Number Answered

Percent of People with Each Score

Your Score History

You have not taken this quiz